| 000 | 00461nam a22001817a 4500 | ||
|---|---|---|---|
| 005 | 20170113102937.0 | ||
| 008 | 170113b xxu||||| |||| 00| 0 eng d | ||
| 020 | _a9781450423878 | ||
| 040 | _cPK-LaUMT | ||
| 082 |
_a613.713 _bSCH-M |
||
| 100 | _aSchoenfeld, Brad | ||
| 245 |
_aThe MAX muscle plan / _cBrad Schoenfeld |
||
| 260 |
_aNew York : _bHuman Kinetics, _c2013 |
||
| 300 | _a217 p. | ||
| 650 | _aBody building | ||
| 650 | _aMuscle plan | ||
| 942 | _cBK | ||
| 999 |
_c90101 _d90101 |
||